Palloni d'Oro tedeschi - Statistics

Statistiche generali
  • Questo quiz è stato fatto 13 volte
  • Il punteggio medio è 6 su 7
Statistiche sulle risposte
Edizione Squadra Calciatore % Corretto
1970 Bayern Monaco Gerd Müller
100%
1972 Bayern Monaco Franz Beckenbauer
92%
1976 Bayern Monaco Franz Beckenbauer
92%
1980 Bayern Monaco Karl-Heinz Rummenigge
92%
1981 Bayern Monaco Karl-Heinz Rummenigge
92%
1990 Inter Lothar Matthäus
83%
1996 Borussia Dortmund Matthias Sammer
75%
Nessun quiz corrispondente trovato
Distribuzione punteggi
Percentuale di utenti per punteggio
Percentile per numero di risposta
I tuoi punteggi nel tempo
Non hai fatto questo quiz